000 00500nam a22001931a 4500
001 1708
003 OSt
005 20260204211744.0
008 040120s(199||||dr ||||||b||||||||||spa||
050 _aRD 362.8292 R299l
082 _aRD 362.8292 R299l
111 _aRepública Dominicana
245 _aLey 24-97 contra la violencia intrafamiliar: Te puedo ser útil, léeme
250 _a2
264 _aSanto Domingo : SEM
300 _a48 p
650 _a1.Violencia FamiliarÌ
942 _2ddc
_cBK
999 _c1708
_d1708